Вихревая структура геохимических полей и прогноз оруденения; Развитие минерально-сырьевой базы Сибири: от Обручева В. А., Усова М. А., Урванцева Н. Н. до наших дней

Xehetasun bibliografikoak
Parent link:Развитие минерально-сырьевой базы Сибири: от Обручева В. А., Усова М. А., Урванцева Н. Н. до наших дней.— 2013.— [С. 144-147]
Egile nagusia: Ворошилов В. Г. Валерий Гаврилович
Erakunde egilea: Национальный исследовательский Томский политехнический университет (ТПУ) Институт природных ресурсов (ИПР) Кафедра геологии и разведки полезных ископаемых (ГРПИ)
Beste egile batzuk: Ананьев Ю. С. Юрий Сергеевич
Gaia:Заглавие с экрана
Hizkuntza:errusiera
Argitaratua: 2013
Saila:Геология и минерагения полезных ископаемых Сибири
Gaiak:
Sarrera elektronikoa:http://www.lib.tpu.ru/fulltext/c/2013/C38/025.pdf
Formatua: MixedMaterials Baliabide elektronikoa Liburu kapitulua
KOHA link:https://koha.lib.tpu.ru/cgi-bin/koha/opac-detail.pl?biblionumber=602988

MARC

LEADER 00000naa2a2200000 4500
001 602988
005 20260210143003.0
035 |a (RuTPU)RU\TPU\conf\127 
035 |a RU\TPU\conf\126 
090 |a 602988 
100 |a 20131128d2013 k y0rusy50 ca 
101 0 |a rus 
102 |a RU 
135 |a drcn ---uucaa 
181 0 |a i  
182 0 |a b 
200 1 |a Вихревая структура геохимических полей и прогноз оруденения  |f В. Г. Ворошилов, Ю. С. Ананьев 
203 |a Текст  |c электронный 
215 |a 1 файл(277 Кб) 
225 1 |a Геология и минерагения полезных ископаемых Сибири 
300 |a Заглавие с экрана 
320 |a [Библиогр.: с. 147 (8 назв.)] 
337 |a Adobe Reader 
463 1 |0 (RuTPU)RU\TPU\conf\65  |t Развитие минерально-сырьевой базы Сибири: от Обручева В. А., Усова М. А., Урванцева Н. Н. до наших дней  |o материалы Всероссийского форума с международным участием, посвященного 150-летию академика Обручева В. А., 130-летию академика Усова М. А. и 120-летию профессора Урванцева Н. Н., 24-27 сентября 2013 г., г. Томск  |f Национальный исследовательский Томский политехнический университет (ТПУ)  |v [С. 144-147]  |d 2013 
610 1 |a электронный ресурс 
610 1 |a труды учёных ТПУ 
610 1 |a вихревое движение 
610 1 |a структура 
610 1 |a геохимические поля 
610 1 |a оруденение 
700 1 |a Ворошилов  |b В. Г.  |c геолог  |c профессор Томского политехнического университета, доктор геолого-минералогических наук  |f 1952-  |g Валерий Гаврилович  |3 (RuTPU)RU\TPU\pers\26072  |9 11910 
701 1 |a Ананьев  |b Ю. С.  |c российский геолог  |c доцент Томского политехнического университета, кандидат геолого-минералогических наук  |f 1966-  |g Юрий Сергеевич  |3 (RuTPU)RU\TPU\pers\26228  |9 12016 
712 0 2 |a Национальный исследовательский Томский политехнический университет (ТПУ)  |b Институт природных ресурсов (ИПР)  |b Кафедра геологии и разведки полезных ископаемых (ГРПИ)  |3 (RuTPU)RU\TPU\col\18660 
801 1 |a RU  |b 63413507  |c 20101016 
801 2 |a RU  |b 63413507  |c 20160122  |g RCR 
856 4 |u http://www.lib.tpu.ru/fulltext/c/2013/C38/025.pdf 
942 |c BK